000 00524nam a2200181Ia 4500
999 _c20937
_d20937
003 OSt
005 20200623132909.0
008 190216s9999||||xx |||||||||||||| ||und||
020 _a9780521546102
040 _coclc
082 _a954
_bMET/C
100 _aMetcalf, Thomas R
_93137
245 0 _aA Concise History Of India /
_cBarbara D Metcalf ; Thomas R Metcalf
260 _bCambridge Uty Press,
_c2003.
_aUK:
300 _a320p
650 _aHistory
942 _cBK
_2ddc
_h954
_iMET/C
_k954
_mMET/C